History Quiz

Random History Quiz
Score 0/10 Timer 04:00
0 Plays Today
Casualties Battle % Correct
698,000Battle of Verdun
90.4%
857,100Third Battle of Passchendaele
76.9%
519,000First Battle of the Marne
56.7%
2,317,800Brusilov Offensive
38.5%
1,539,715Spring Offensive
29.8%
655,000Battle of Galicia
22.1%
1,855,369Hundred Days Offensive
20.2%
1,087,000Gorlice-Tarnów Offensive
15.4%
1,113,000First Battle of the Somme
14.4%
804,100Second Battle of the Somme
12.5%
Remove Ads.
Support Sporcle.
Get the best of Sporcle when you Go Orange. This ad-free experience offers more features, more stats, and more fun while also helping to support Sporcle. Thank you for becoming a member.

You're not logged in!

Compare scores with friends on all Sporcle quizzes.
OR
Log In

Show Comments

Extras

Top Quizzes Today


Score Distribution

Your Account Isn't Verified!

In order to create a playlist on Sporcle, you need to verify the email address you used during registration. Go to your Sporcle Settings to finish the process.

Report this User

Report this user for behavior that violates our Community Guidelines.

Details: